LEADER 00933nam a2200253 4500 001 000000354619 003 CaOOAMICUS 005 20230707143819.0 008 230707s2000 fr 000 u fre r 020 $a2-07-041490-6 040 $aSeMil$bita 100 1 $aSimenon, Georges,$d<1903-1989>.$0(OLS)http://semarc/name/11680 245 13$aLe cheval blanc /$cSimenon. 264 1$a[Paris] :$bGallimard,$c2000. 300 $a182 p. ;$c18 cm 490 1 $aFolio policier ;$v182 830 0$aFolio policier ;$v182.$0(OLS)http://semarc/title/438130 850 $aSeMil 852 $aSeMil$W1$xVenegono$y1$m1W I 592$j242842$B245904$CSeMilBibl$Z2$F245904 $81 961 $aPerego don Stefano - Omaggio 996 $6020$a2-07-041490-6$9(OLS)http://semarc/number/298501 996 $6245$aLe cheval blanc$9(OLS)http://semarc/title/444778 996 $6264$a[Paris] :$bGallimard$9(OLS)http://semarc/publisher/30050 LEADER 01965nam a2200349 i 4500 001 000000105354 003 CaOOAMICUS 005 20250314112957.0 008 150828s1985 be u000 u lat u 020 $a2-503-03568-X 040 $aSeMil$bita 100 0 $aPaschasius Radbertus,$c.$0(OLS)http://semarc/name/113026 240 10$aDe partu Virginis.$0(OLS)http://semarc/title/424721 245 10$aPaschasii Radberti De partu Virginis /$ccura et studio E. Ann Matter. Paschasii Radberti De Assumptione Sanctae Mariae Virginis / cura et studio Albertus Ripberger. 260 $aTurnhout :$bBrepols,$c1985. 300 $a172 p. ;$c26 cm. 490 0 $aCorpus Christianorum. Continuatio Mediaevalis ;$v56.C 501 $aPascasii Radberti Epistula beati Hieronymi ad Paulam et Eustochium De assumptione sanctae Mariae Virginis, p. 97-172 600 04$aMaria .$0(OLS)http://semarc/subject/5190 650 4$aMadonna - Immacolata Concezione.$0(OLS)http://semarc/subject/4414 700 1 $aRipberger, Albert.$0(OLS)http://semarc/name/44426 700 1 $aMatter, Edith Ann,$d<1947- >.$0(OLS)http://semarc/name/44427 730 02$aDe assumptione Sanctae Mariae virginis.$0(OLS)http://semarc/title/452987 767 0 $aPaschasius Radbertus $tOn the virgin birth ; and, On the assumption of the Blessed Virgin Mary.$dTurnhout : Brepols, 2024.$kCorpus christianorum in translation$z978-2-503-59949-6$w()362121 830 0$aCorpus Christianorum. Continuatio Mediaevalis ;$v56.C.$0(OLS)http://semarc/title/35 850 $aSeMil 852 $aSeMil$W1$xVenegono$y1$mSL2.F CC.CM 56/C$j260624$B61602$CSeMilBibl$Z2$F71028 $8I 961 $aSottoscrizione: Brepols 996 $6020$a2-503-03568-X$9(OLS)http://semarc/number/85418 996 $6245$aPaschasii Radberti De partu Virginis$9(OLS)http://semarc/title/152576 996 $6260$aTurnhout :$bBrepols$9(OLS)http://semarc/publisher/29626